|
|
|
|
| LEADER |
00796nam a2200205 a 4500 |
| 001 |
4056940 |
| 008 |
090916s1959 nyu 001 0 eng d |
| 010 |
|
|
|a \\\59006073
|
| 040 |
|
|
|a DLC
|c DLC
|d DLC
|
| 082 |
0 |
0 |
|a 136.7
|2 16
|
| 100 |
1 |
|
|a Fraiberg, Selma.
|
| 245 |
1 |
4 |
|a The magic years :
|b understanding and handling the problems of early childhood /
|c Selma Fraiberg
|
| 260 |
|
|
|a New York :
|b Scribner,
|c 1959
|
| 300 |
|
|
|a 305 p. ;
|c 20 cm.
|
| 504 |
|
|
|a Includes index.
|
| 541 |
1 |
|
|e 00003332
|
| 650 |
|
0 |
|a Infant psychology.
|
| 852 |
4 |
|
|a Ayesha Abed Library
|j General shelf
|
| 999 |
|
|
|c 4080
|d 4080
|
| 952 |
|
|
|0 0
|1 0
|2 ddc
|4 0
|6 136_700000000000000_FRA_1959
|7 0
|9 3754
|a BRACUL
|b BRACUL
|c GEN
|d 2009-10-03
|g 0.00
|l 2
|o 136.7 FRA
|p 3010003332
|r 2024-06-08
|s 2024-06-01
|t 1
|w 2009-10-03
|y BK
|x No price found in the accession register.
|